| 000 | 01200nam a2200313Ia 4500 | ||
|---|---|---|---|
| 001 | ebr10085362 | ||
| 003 | CaPaEBR | ||
| 006 | m u | ||
| 007 | cr cn||||||||| | ||
| 008 | 880309s1987 nyuac sb 001 0 eng d | ||
| 010 | _z 86033235 | ||
| 020 | _z0195050991 | ||
| 040 |
_aCaPaEBR _cCaPaEBR |
||
| 035 | _a(OCoLC)228136421 | ||
| 050 | 1 | 4 |
_aQH324.8 _b.N47 1987eb |
| 082 | 0 | 4 |
_a574/.07/24 _219 |
| 245 | 0 | 0 |
_aNeutral models in biology _h[electronic resource] / _cedited by Matthew H. Nitecki and Antoni Hoffman. |
| 260 |
_aNew York : _bOxford University Press, _c1987. |
||
| 300 |
_a166 p. : _bill., port. |
||
| 504 | _aIncludes bibliographical references and index. | ||
| 533 |
_aElectronic reproduction. _bPalo Alto, Calif. : _cebrary, _d2009. _nAvailable via World Wide Web. _nAccess may be limited to ebrary affiliated libraries. |
||
| 650 | 0 | _aBiological models. | |
| 650 | 0 |
_aBiology _xMathematical models. |
|
| 655 | 7 |
_aElectronic books. _2local |
|
| 700 | 1 | _aHoffman, Antoni. | |
| 700 | 1 | _aNitecki, Matthew H. | |
| 710 | 2 | _aebrary, Inc. | |
| 856 | 4 | 0 |
_uhttp://site.ebrary.com/lib/rucke/Doc?id=10085362 _zAn electronic book accessible through the World Wide Web; click to view |
| 999 |
_c50642 _d50642 |
||